Thiết bị và phương pháp thi công móng cọc

Sách dùng làm tài liệu tham khảo cho công nhân tại các công trường và xí nghiệp, cũng như các cán bộ kỹ thuật.

Bewaard in:
Bibliografische gegevens
Hoofdauteur: Côxôlapôp, V. G.
Formaat: Boek
Taal:Undetermined
Gepubliceerd in: Hà Nội Công nhân Kỹ thuật 1981
Onderwerpen:
Tags: Voeg label toe
Geen labels, Wees de eerste die dit record labelt!
Thư viện lưu trữ: Trung tâm Học liệu Trường Đại học Cần Thơ
LEADER 00790nam a2200193Ia 4500
001 CTU_158201
008 210402s9999 xx 000 0 und d
082 |a 624.154 
082 |b C458 
100 |a Côxôlapôp, V. G. 
245 0 |a Thiết bị và phương pháp thi công móng cọc 
245 0 |c V. G. Côxôlapôp ; Người dịch: Nguyễn Châu Nghĩa 
260 |a Hà Nội 
260 |b Công nhân Kỹ thuật 
260 |c 1981 
520 |a Sách dùng làm tài liệu tham khảo cho công nhân tại các công trường và xí nghiệp, cũng như các cán bộ kỹ thuật. 
650 |a Pile,Foundations,Móng,Cọc 
904 |i Trọng Hiếu 
980 |a Trung tâm Học liệu Trường Đại học Cần Thơ